01450nam a22002297a 4500001000500000005001700005020001800022040002300040050002100063082001200084100003100096245009700127250004300224260003600267300005700303505000800360520073300368521002101101521002001122650004301142700003501185285420240117153002.0 a9780545163484 aDLCcDLCdDLCbeng00aQK929.M23b 200800a581.4671 aMacken, JoAnn Earlyd1953-10aFlip, float, fly :bseeds on the move /cby JoAnn Early Macken ; illustrated by Pam Paparone aFirst Scholastic printing , April 2009 aNew York :bScholastic ; c2008 a28 unnumbered pages :bcolor illustrations ;c24 cm. aK  aExplore how seeds travel from the plants they form on to the places they'll grow! Spinning like a shiny green helicopter, a maple seed floats on the wind. Where will it land? Seeds splash away in raindrops, slide across the snow, and hitch rides on birds and animals--and even people's clothing. For anyone who's ever blown the fluff of a dandelion and wondered where it went, this is the perfect introduction to plant life cycles and seed dispersals for young readers. The simple, poetic text is paired with detailed illustrations and close-ups of seeds, pods, and other parts of plants. A brief illustrated glossary and a note on why seeds travel so far is included. Perfect for fans of Gail Gibbons' From Seed to Plant. a520 bLexile  aK bRaz-Plus  0aSeedsxDispersalvJuvenile literature.1 aPaparone, Pamelaeillustrator